000 01044cam a22002054a 4500
005 20250605163942.0
008 250528s ||||||||||||||||||||||||d
035 _a15089
020 _a415079322
040 _aGR-AtMCL
_bgre
_dGR-AtMCL
_eAACR2
245 1 _aPrinciples of Accounting and Finance
250 _a1st
260 _bRouledge,
_c1994
300 _a216
520 _aThis book offers a focused treatment of the central management functions, encouraging readers to extend and develop their understanding of management techniques. Preface, Financial Reports, Introduction, Profit Statements, Balance Sheets, Cash Flow Reports, Accounting for Inflation, Cash Forecasting, Analysis of Financial Reports, Management Accounting, Product Costs, Cost Behavior, Costs for Decisions, Planning, Control, Planning and Control in Divisionalized Firms, Appendices, Case Study - Accounts and Transactions, Case Study - Solutions to Exercises, Glossary, Index.
700 1 _aSneyd Peter
_9934
942 _cBK
999 _c688
_d688